ဒါနနှင့်ဝိပဿနာသိကောင်းစရာသုတ္တန်တရားတော်များ ၊ (Record no. 16770)

000 -LEADER
fixed length control field 00967nam a2200229Ia 4500
003 - CONTROL NUMBER IDENTIFIER
control field OSt
005 - DATE AND TIME OF LATEST TRANSACTION
control field 20250219134428.0
007 - PHYSICAL DESCRIPTION FIXED FIELD--GENERAL INFORMATION
fixed length control field ca aa aaaaa
008 - FIXED-LENGTH DATA ELEMENTS--GENERAL INFORMATION
fixed length control field 201103s9999 xx 000 0 und d
040 ## - CATALOGING SOURCE
Transcribing agency SSBUL
041 ## - LANGUAGE CODE
Language code of text/sound track or separate title bur
082 ## - DEWEY DECIMAL CLASSIFICATION NUMBER
Edition number 23
Classification number ၂၉၄.၃၄၂ ကုဏ်
Item number ၉၂၆၁ S-SAT
100 0# - MAIN ENTRY--PERSONAL NAME
Personal name ကုဏ္ဍလာဘိဝံသ၊ အရှင်
245 10 - TITLE STATEMENT
Title ဒါနနှင့်ဝိပဿနာသိကောင်းစရာသုတ္တန်တရားတော်များ ၊
Statement of responsibility, etc. အရှင်ကုဏ္ဍလာဘိဝံသ ။
260 ## - PUBLICATION, DISTRIBUTION, ETC.
Place of publication, distribution, etc. ရန်ကုန် ၊
Name of publisher, distributor, etc. သဒ္ဓမ္မရံသီစာပေ ၊
Date of publication, distribution, etc. ၁၉၉၇ ။
300 ## - PHYSICAL DESCRIPTION
Extent ဇ၊ ၁၄၄ စာမျက်နှာ ၊
Dimensions ၁၈ စင်တီ ။
500 ## - GENERAL NOTE
General note S-SAT: Dr. Sai Aung Tun
650 ## - SUBJECT ADDED ENTRY--TOPICAL TERM
Topical term or geographic name entry element ဗုဒ္ဓတရားတော်
Topical term or geographic name entry element ဒါန
9 (RLIN) 8991
Topical term or geographic name entry element ဝိပဿနာ
942 ## - ADDED ENTRY ELEMENTS (KOHA)
Koha item type Books (Long term)
Source of classification or shelving scheme
Holdings
Withdrawn status Lost status Source of classification or shelving scheme Damaged status Not for loan Collection code Permanent Location Current Location Shelving location Date acquired Total Checkouts Full call number Barcode Date last seen Price effective from Koha item type Accession
          Special Collections Shan State Buddhist University Library Shan State Buddhist University Library Special Collection Shelves 15/02/2023   ၂၉၄.၃၄၄၃ ကုဏ် ၉၂၆၁ S-SAT MB00009261 15/02/2023 15/02/2023 Book (Short term) ၉၂၆၁ S-SAT
          Myanmar Collection Shan State Buddhist University Library Shan State Buddhist University Library Myanmar Shelves 15/02/2023   ၂၉၄.၃၄၂ ကုဏ် ၉၆၇၂ MB00009672 28/08/2023 15/02/2023 Books (Long term) ၉၆၇၂

Library - 09407999929
Admin Office - 09407999979
Dean Office - 09250910768
Registrar Office - 09892297154
Email - [email protected]
Shan State Buddhist University, Phaya Phyu Taunggyi, Shan State, Myanmar.